| 000 | 00644nam a2200169 i 4500 | ||
|---|---|---|---|
| 001 | 167959 | ||
| 003 | ES-MaACL | ||
| 005 | 20230906213637.0 | ||
| 008 | 991110s1871 fr |||| | fre d | ||
| 040 |
_aM-RAJU _bspa _cM-RAJU _dCCPB | B |
||
| 100 | 1 |
_aWitt, Cornelis Henri de. _9133951 |
|
| 245 | 1 | 0 |
_aThomas Jefferson _b: étude historique sur la démocratie américaine / _cpar Cornelis de Witt. |
| 260 |
_aParis : _bDidier et C\pie\s, _c1871. |
||
| 300 |
_aIV, 568 p. ; _c18 cm. |
||
| 600 | 1 | 4 |
_aJefferson, Thomas. _966265 |
| 852 |
_aES-MaACL _jF-2991 _z-- Rust. _x-- Edic.: El imp. consta en verso de la antep.: Imp. Viéville et Capiomont |
||
| 999 |
_c167959 _d167959 |
||